Preliminary considerations of an inflation targeting framework for the Philippines
Na minha lista:
| Autor principal: | |
|---|---|
| Outros Autores: | |
| Formato: | Livro |
| Idioma: | inglês |
| Publicado em: |
Washington
IMF
1998
|
| Colecção: | IMF Working Paper
39 |
| Assuntos: | |
| Tags: |
Sem tags, seja o primeiro a adicionar uma tag!
|
MARC
| LEADER | 00000nam a2200000 4500 | ||
|---|---|---|---|
| 001 | c106273 | ||
| 005 | 20221221083300.4 | ||
| 041 | 0 | |a eng | |
| 044 | |a US | ||
| 245 | 1 | 0 | |a Preliminary considerations of an inflation targeting framework for the Philippines |c Prepared by Guy Debelle and Cheng Hoon Lim |
| 264 | 1 | |a Washington |b IMF |c 1998 | |
| 300 | |a 30 s. | ||
| 490 | 1 | |a IMF Working Paper |v 39 | |
| 830 | 0 | |a IMF Working Paper |v 39 | |
| 610 | 2 | 0 | |a inflácia |
| 610 | 2 | 0 | |a Filipíny |
| 610 | 2 | 0 | |a politika finančná |
| 610 | 2 | 0 | |a politika fiškálna |
| 610 | 2 | 0 | |a politika hospodárska |
| 100 | 1 | |a Debelle, Guy | |
| 700 | 1 | |a Lim, Cheng Hoon | |